1844 1577 1476 1716 1124 1293 1491 1174 1542 1100 1658 1992 1579 1483 1352 1534 1318 1179 1061 1699 1914 1111 1908 1579 1479 1663 1772 1533 1707 1857 1957 1255 1503 1068 1330 1749 1759 1648 1147 1116 1906 1764 1434 1028 1312 1200 1277 1542 1891 1343 1377 1465 1954 1802 1339 1727 1697 1924 1787 1272 1837 1367 1929 1894 1520 1039 1329 1032 1617 1383 1752 1202 1600 1580 1076 1486 1324 1027 1762 1070 1156 1178 1615 1768 1045 1188 1261 1246 1515 1248 1677 1505 1588 1252 1452 1630 1434 1094 1019 BCNSPRNW ULIB Ver.6.0+V

เปลี่ยนเป็นภาษาไทย

Change to English
 แสดงรายละเอียดบรรณานุกรม
  กลับหน้าหลัก

Brief Record : Get Marc (ISO 2709) : E-mail record : QR code < ปิดหน้าต่าง
LEADER : 00000nam 2200000uu 4500
001    13399120000
003     ULIB
008    120821s2554||||th 000 0 tha d
020    ^a9789741115426
060 04 ^aWY152^bศ371
245 00 ^aศาสตร์และศิลป์การพยาบาลผู้สูงอายุ /^cวิไลวรรณ ทองเจริญ, บรรณาธิการ
250    ^aพิมพ์ครั้งที่ 1
260    ^aกรุงเทพฯ :^bโครงการตำราคณะพยาบาลศาสตร์ มหาวิทยาลัยมหิดล, ^c2554
300    ^a(10), 366 หน้า :^bภาพประกอบ ;^c26 ซม.
650  4 ^aผู้สูงอายุ^xการพยาบาล
650  7 ^aการพยาบาลผู้สูงอายุ
700 0  ^aวิไลวรรณ ทองเจริญ,^eบรรณาธิการ
710 2  ^aมหาวิทยาลัยมหิดล. ^bคณะพยาบาลศาสตร์
945    ^p350^l0^i032418
945    ^p350^l0^i032419
945    ^p350^l0^i032420
945    ^p350^l0^i032421
945    ^p350^l0^i032422
945    ^p350^l0^i032423
945    ^p350^l0^i032424
945    ^p350^l0^i032908
945    ^p350^l0^i032909
945    ^p350^l0^i032910
995    ^aเกษร
999    ^aใช้งานได้ทุกระบบ
รายการนี้ยังไม่มีแท็ก
คุณยังไม่ได้ล็อกอิน คุณสามารถมีกิจกรรมร่วมกับเว็บไซต์ได้ แต่ต้องล็อกอินก่อน ::
  ล็อกอิน

รายการสื่อสารสนเทศ

ลำดับที่ ประเภท เลขเรียก/บาร์โค้ด สถานที่ สถานะ
1. วิทยาศาสตร์การแพทย์ และสุขภาพ
หนังสือสำรอง
สถานะ=หนังสือสำรอง
WY152 ศ371 ฉ.1 
  Barcode: 032418
ห้องสมุดวิทยาเขตสวรรค์ประชารักษ์
►ส่วนจัดเก็บหนังสือเก่า สปร
บนชั้น
  ขอยืม
2. วิทยาศาสตร์การแพทย์ และสุขภาพ
วิทยาศาสตร์การแพทย์ และสุขภาพ
WY152 ศ371 ฉ.10 
  Barcode: 032910
ห้องสมุดวิทยาเขตสวรรค์ประชารักษ์
►ส่วนจัดเก็บหนังสือเก่า สปร
บนชั้น
  ขอยืม
3. วิทยาศาสตร์การแพทย์ และสุขภาพ
วิทยาศาสตร์การแพทย์ และสุขภาพ
WY152 ศ371 ฉ.3 
  Barcode: 032420
ห้องสมุดวิทยาเขตสวรรค์ประชารักษ์
►ส่วนจัดเก็บหนังสือเก่า สปร
บนชั้น
  ขอยืม
4. วิทยาศาสตร์การแพทย์ และสุขภาพ
วิทยาศาสตร์การแพทย์ และสุขภาพ
WY152 ศ371 ฉ.4 
  Barcode: 032421
ห้องสมุดวิทยาเขตสวรรค์ประชารักษ์
►ส่วนจัดเก็บหนังสือเก่า สปร
บนชั้น
  ขอยืม
5. วิทยาศาสตร์การแพทย์ และสุขภาพ
วิทยาศาสตร์การแพทย์ และสุขภาพ
WY152 ศ371 ฉ.5 
  Barcode: 032422
ห้องสมุดวิทยาเขตสวรรค์ประชารักษ์
►ส่วนจัดเก็บหนังสือเก่า สปร
บนชั้น
  ขอยืม
6. วิทยาศาสตร์การแพทย์ และสุขภาพ
วิทยาศาสตร์การแพทย์ และสุขภาพ
WY152 ศ371 ฉ.6 
  Barcode: 032423
ห้องสมุดวิทยาเขตสวรรค์ประชารักษ์
►ส่วนจัดเก็บหนังสือเก่า สปร
บนชั้น
  ขอยืม
7. วิทยาศาสตร์การแพทย์ และสุขภาพ
วิทยาศาสตร์การแพทย์ และสุขภาพ
WY152 ศ371 ฉ.7 
  Barcode: 032424
ห้องสมุดวิทยาเขตสวรรค์ประชารักษ์
►ส่วนจัดเก็บหนังสือเก่า สปร
บนชั้น
  ขอยืม
8. วิทยาศาสตร์การแพทย์ และสุขภาพ
วิทยาศาสตร์การแพทย์ และสุขภาพ
WY152 ศ371 ฉ.8 
  Barcode: 032908
ห้องสมุดวิทยาเขตสวรรค์ประชารักษ์
►ส่วนจัดเก็บหนังสือเก่า สปร
บนชั้น
  ขอยืม
9. วิทยาศาสตร์การแพทย์ และสุขภาพ
วิทยาศาสตร์การแพทย์ และสุขภาพ
WY152 ศ371 ฉ.9 
  Barcode: 032909
ห้องสมุดวิทยาเขตสวรรค์ประชารักษ์
►ส่วนจัดเก็บหนังสือเก่า สปร
บนชั้น
  ขอยืม

รายการใกล้เคียง
    หัวเรื่อง [การพยาบาลผู้สูงอายุ]

BibComment


ยังไม่เคยถูกคอมเมนท์

คอมเมนท์ทรัพยากรรายการนี้
  คอมเมนท์: ศาสตร์และศิลป์กา..


 Copyright 2026. Bcnsprnw @Library